Gestión de las finanzas públicas : (Registro nro. 7726)

Detalles MARC
000 -LEADER
fixed length control field 01550nam a2200217Ia 4500
003 - CONTROL NUMBER IDENTIFIER
control field OSt
005 - DATE AND TIME OF LATEST TRANSACTION
control field 20210421165024.0
008 - FIXED-LENGTH DATA ELEMENTS--GENERAL INFORMATION
fixed length control field 210310s2005 ck gr 000 0 spa d
040 ## - CATALOGING SOURCE
Original cataloging agency CO-JMCR
Transcribing agency CO-JMCR
041 0# - LANGUAGE CODE
Language code of text/sound track or separate title spa
082 04 - DEWEY DECIMAL CLASSIFICATION NUMBER
Classification number 336.00406 /
Item number S446g
Edition number 23
110 2# - MAIN ENTRY--CORPORATE NAME
Corporate name or jurisdiction name as entry element Secretaria del Programa de gasto público y rendición de cuentas
9 (RLIN) 37037
245 10 - TITLE STATEMENT
Title Gestión de las finanzas públicas :
Remainder of title marco de referencia para la medición del desempeño /
Statement of responsibility, etc. Secretaria del Programa de gasto público y rendición de cuentas
260 ## - PUBLICATION, DISTRIBUTION, ETC.
Place of publication, distribution, etc. Washington :
Name of publisher, distributor, etc. Banco Mundial,
Date of publication, distribution, etc. 2005
300 ## - PHYSICAL DESCRIPTION
Other physical details 94 páginas ;
Dimensions 28 cm.
505 0# - FORMATTED CONTENTS NOTE
Formatted contents note Introducción y antecedentes -- Alcance de cobertura del marco de referencia ++ El conjunto de indicadores de desempeño de alto nivel -- El informe de resultados de la GFP -- Estructura global del marco de referencia para la medición del desempeño
520 3# - SUMMARY, ETC.
Summary, etc. El marco de referencia para la medición del desempeño en Gestión Financiera Pública del programa PEFA se ha elaborado como una contribución a la labor colectiva realizada por varios grupos interesados en evaluar y crear y crear sistemas esenciales de gestión financiera pública; con base en el consenso en que las instituciones y sistemas eficaces de gestión de las finanzas públicas (GFP) cumplen un papel esencial de apoyo a la aplicación de políticas de desarrollo y reducción de la pobreza nacional.
650 14 - SUBJECT ADDED ENTRY--TOPICAL TERM
Topical term or geographic name entry element Finanzas Públicas
9 (RLIN) 15276
650 24 - SUBJECT ADDED ENTRY--TOPICAL TERM
Topical term or geographic name entry element Indicadores de medición de desempeños
General subdivision Finanzas públicas
9 (RLIN) 37038
942 ## - ADDED ENTRY ELEMENTS (KOHA)
Source of classification or shelving scheme Dewey Decimal Classification
Koha item type Books
Existencias
Withdrawn status Lost status Source of classification or shelving scheme Damaged status Not for loan Collection code Home library Current library Date acquired Source of acquisition Full call number Barcode Date last seen Copy number Koha item type
    Dewey Decimal Classification     Non-fiction Biblioteca Pública José María del Castillo y Rada Biblioteca Pública José María del Castillo y Rada 04/15/2018 Donación 336.00406 / S446g 430000185 05/16/2024 Ej.1 Books